LIBRARY & INFORMATION CENTRE, KCAET, TAVANUR

ONLINE PUBLIC ACCESS CATALOGUE (OPAC)

Practical Problems with Solutions in Wastewater Engineering Vol.5 (Record no. 15592)

MARC details
000 -LEADER
fixed length control field 00467nam a22001697a 4500
003 - CONTROL NUMBER IDENTIFIER
control field OSt
008 - FIXED-LENGTH DATA ELEMENTS--GENERAL INFORMATION
fixed length control field 190517b ||||| |||| 00| 0 eng d
020 ## - INTERNATIONAL STANDARD BOOK NUMBER
ISBN 9788170358954
082 ## - DEWEY DECIMAL CLASSIFICATION NUMBER
Classification number 628.11 KAU/PR
100 ## - MAIN ENTRY--AUTHOR NAME
Personal name Kaul, S N
245 ## - TITLE STATEMENT
Title Practical Problems with Solutions in Wastewater Engineering Vol.5
260 ## - PUBLICATION, DISTRIBUTION, ETC. (IMPRINT)
Place of publication Delhi
Name of publisher Daya Publishing House
Year of publication 2016
300 ## - PHYSICAL DESCRIPTION
Number of Pages 1599- 1998 p.
700 ## - ADDED ENTRY--PERSONAL NAME
Personal name Saini, D R
700 ## - ADDED ENTRY--PERSONAL NAME
Personal name Kaul, Prateek
942 ## - ADDED ENTRY ELEMENTS (KOHA)
Koha item type Books
Holdings
Withdrawn status Lost status Damaged status Collection code Home library Current library Shelving location Date acquired Full call number Accession Number Koha item type
      Non-fiction KAUAET KAUAET General Stacks 17/05/2019 628.11 KAU/PR 25838 Books
free website counter